01010pab a2200157 454500008004000000100001900040245006400059260000900123300001100132362001100143520061200154650001400766650002100780700002200801773002900823180718b1999 xxu||||| |||| 00| 0 eng d aNichols, Geoff aLocal authorities role in distributing the lottery to sport c1999 ap.1-15 aAutumn aAs local authorities' budgets for recreation have been reduced, the National Lottery represents a new source of capital funding. But lottery applications, whether from local authorities directly or from voluntary sports clubs in their areas, must meet the Sports Council criteria. Thus the allocation of lottery money is not as directly under local authorities' control as was allocation of their own budget. This paper explores how, through selective support of voluntary sports clubs, local authorities can influence the allocation of lottery grants to reflect their own strategic priorities. - Reproduced aLotteries aLocal government aSparrowhawk, John aLocal Government Studies